Environmental NGOs and access to justice article 9(3) of the Aarhus convention and the EU courts perspective /
Elmentve itt :
| Szerző: | |
|---|---|
| Testületi szerző: | |
| Dokumentumtípus: | Könyv része |
| Megjelent: |
2019
|
| Sorozat: | Lectiones iuridicae
Recent challenges of public administration 3 : papers presented at the conference of '3rd Contemporary issues of public administration' on 26th September 2018 |
| Kulcsszavak: | Környezetvédelem-politika - Európa, Környezetvédelmi jog |
| Tárgyszavak: | |
| Online Access: | http://acta.bibl.u-szeged.hu/69054 |
| LEADER | 01083naa a2200241 i 4500 | ||
|---|---|---|---|
| 001 | acta69054 | ||
| 005 | 20220107152549.0 | ||
| 008 | 200526s2019 hu o 0|| eng d | ||
| 020 | |a 978-615-5411-80-9 | ||
| 022 | |a 2062-5588 | ||
| 040 | |a SZTE Egyetemi Kiadványok Repozitórium |b hun | ||
| 041 | |a eng | ||
| 100 | 1 | |a Ligugnana Giovanna | |
| 245 | 1 | 0 | |a Environmental NGOs and access to justice |h [elektronikus dokumentum] : |b article 9(3) of the Aarhus convention and the EU courts perspective / |c Ligugnana Giovanna |
| 260 | |c 2019 | ||
| 300 | |a 11-38 | ||
| 490 | 0 | |a Lectiones iuridicae | |
| 490 | 0 | |a Recent challenges of public administration 3 : papers presented at the conference of '3rd Contemporary issues of public administration' on 26th September 2018 | |
| 650 | 4 | |a Társadalomtudományok | |
| 650 | 4 | |a Politikatudomány | |
| 695 | |a Környezetvédelem-politika - Európa, Környezetvédelmi jog | ||
| 710 | |a Contemporary issues of public administration (3.) (2019) (Szeged) | ||
| 856 | 4 | 0 | |u http://acta.bibl.u-szeged.hu/69054/1/lectiones_iuridicae_023_011-038.pdf |z Dokumentum-elérés |